000 01482nam a2200421 i 4500
001 8025
003 KOSZ 005
005 20201005150616.0
008 070926s1968 pl a f 001 0 pol
015 _aPB 1968/10128
040 _aWA N
_cWA N
_dKOSZ 005/RW
_dKOSZ 005/HR
046 _k1968
080 _a620.1
080 _a669.2/.8
100 1 _aBiestek, Tadeusz
_d(1926-2011)
_eAutor
245 1 0 _aPowłoki konwersyjne :
_bchromianowe, fosforanowe, tlenkowe i szczawianowe /
_cTadeusz Biestek, Jerzy Weber.
260 _aWarszawa :
_bWydawnictwa Naukowo-Techniczne,
_c1968.
300 _a559, [1] s., [1] k. tabl. :
_bil., err. ;
_c23 cm.
336 _2rdacontent
_aTekst
_btxt
337 _2rdamedia
_aBez urządzenia pośredniczącego
_bn
338 _2rdacarrier
_aWolumin
_bnc
380 _aKsiążki
388 _a1901-2000
388 _a1945-1989
490 1 _aOchrona przed Korozją
504 _aBibliogr. przy rozdz. Indeks.
650 4 _aKorozja i erozja
650 4 _aZapobieganie
650 4 _aMetale
650 4 _aKonserwacja (technika)
650 4 _aPowłoki ochronne
658 _aInżynieria i technika
700 1 _aWeber, Jerzy Aleksander
_d(?-2009)
_eAutor
710 2 _aWydawnictwa Naukowo-Techniczne
_4pbl.
830 0 _aOchrona Przed Korozją
856 _uhttp://koha.tu.koszalin.pl/cgi-bin/koha/opac-detail.pl?biblionumber=8025
_yKatalog online BPK
942 _2UKD
_cKS
999 _c8025
_d8025